pension and emloyee benefit statutes and regulation (Record no. 40819)
[ view plain ]
| 000 -LEADER | |
|---|---|
| fixed length control field | 00328nam a22001337a 4500 |
| 008 - FIXED-LENGTH DATA ELEMENTS--GENERAL INFORMATION | |
| fixed length control field | 180124b xxu||||| |||| 00| 0 eng d |
| 020 ## - INTERNATIONAL STANDARD BOOK NUMBER | |
| International Standard Book Number | 9781609301606 |
| 041 ## - LANGUAGE CODE | |
| Language code of text/sound track or separate title | eng |
| 080 ## - UNIVERSAL DECIMAL CLASSIFICATION NUMBER | |
| Universal Decimal Classification number | 336.2 |
| 100 ## - Rafti | |
| Rafti | 55 |
| 101 ## - Shkurtesa | |
| Shkurtesa | tax |
| 245 ## - TITLE STATEMENT | |
| Title | pension and emloyee benefit statutes and regulation |
| Statement of responsibility, etc | pratt.d.a |
| 942 ## - ADDED ENTRY ELEMENTS (KOHA) | |
| Source of classification or shelving scheme | |
| Item type | Books |
| Withdrawn status | Lost status | Source of classification or shelving scheme | Damaged status | Not for loan | Collection code | Permanent location | Current location | Shelving location | Date acquired | Total Checkouts | Full call number | Barcode | Date last seen | Price effective from | Koha item type |
|---|---|---|---|---|---|---|---|---|---|---|---|---|---|---|---|
| Koleksioni i përgjithshem | UBT - Lipjan | UBT - Lipjan | Koleksioni i përgjithshem | 01/24/2018 | 336.2 pra | 002-2996493 | 01/24/2018 | 01/24/2018 | Books | ||||||
| Koleksioni i përgjithshem | UBT - Lipjan | UBT - Lipjan | Koleksioni i përgjithshem | 01/24/2018 | 336.2 pra | 002-2996503 | 01/24/2018 | 01/24/2018 | Books |